00818nam a2200217 a 4500008004100000020001800041050001800059100001600077245007100093250001200164260005200176300001900228350000900247490003000256650002600286650003400312700001900346995009200365999001700457952012600474120125s2007 ||||||||||||||||| || u a9788189975296 aHG 4027.7 Shi aShim, Jae K10aFinancial management. (2nd ed.)cby Jae K. Shim and Joel G. Siegal a2nd ed. aAminjikarai, Chennai:bWestland Books Pvtc2007 av, 359p.: ill. a0.00 aBarron's business library aCORPORATIONS--FINANCE 0aFINANCE--DEVELOPING COUNTRIES aSiegal, Joel G FCBU-MAIN LIBRARY (Kitwe)I0.00M1UAVAILABLEWFeb 15, 2013ZAnnex Low-Usage Collection  c43381d43381 00102lcc4070a001b001cAnnex Low-Usage Collection d2022-11-30l0oHG 4027.7 Ship742617r2022-11-30w2022-11-30y002